| 000 | 00456 a2200157 4500 | ||
|---|---|---|---|
| 020 | _a0030839939 | ||
| 035 | _a441840 | ||
| 040 |
_aDLC _bDLC |
||
| 100 | 1 | 0 | _aAshcroft, Neil W. |
| 245 | 1 | 0 |
_aSolid state physics _cNeil W. Ashcroft and N. David Mermin. |
| 260 | 0 |
_aBangalore _b, Holt, Rinehart and Winston _c[c1976] |
|
| 300 |
_axxi, 826 p _b. illus _c. 25 cm. |
||
| 650 | 0 | _aSolid state physics. | |
| 700 | 1 | 0 | _aMermin, N. David. |
| 942 |
_cBK _k530.41 ASH _2ddc |
||
| 999 |
_c7825 _d7825 |
||